Pick a Muppet Quiz Stats

 Plays Quiz Updated Jun 3, 2018

Score 0/12 Timer 03:00
4 Plays Today
Question Answer Wrong Answers
Fozzie? Fozzie
97.9%
Rowlf
1.6%
Bobo
0.3%
Gonzo? Gonzo
97%
Rizzo
1.1%
Crazy Harry
0.9%
Miss Piggy? Miss Piggy
96.3%
Miss Poogy
0.3%
Annie Sue
0.7%
Kermit? Kermit
95.6%
Robin
0.9%
Constantine
3.5%
Animal? Animal
93.2%
Sweetums
2.5%
Mahna Mahna
1.6%
Beaker? Beaker
90.6%
Behemoth
0.7%
Sam the Eagle
6.1%
Scooter? Scooter
88.8%
Walter
8.8%
Mr. Johnson
1.8%
Pepe? Pepe
83.5%
Marvin Suggs
11%
Uncle Deadly
3.1%
Dr. Teeth? Dr. Teeth
74.1%
Sgt. Floyd Pepper
3.2%
Dr. Bunsen Honeydew
20.2%
Link Hogthrob? Link Hogthrob
66.9%
Muppet Newsman
24.6%
Swedish Chef
6.6%
Camilla? Camilla
54.9%
Janice
30.1%
Betty Lou
13.5%
Waldorf? Waldorf
54.9%
Statler
38.1%
Pops
4.9%

You're not logged in!

Compare scores with friends on all Sporcle quizzes.
OR
Log In

Sporcle TV

Today on Sporcle TV


Watch our educational content, quiz creation guides, and fun videos on Sporcle TV.

Show Comments

Extras

Top Quizzes Today


Score Distribution

Your Account Isn't Verified!

In order to create a playlist on Sporcle, you need to verify the email address you used during registration. Go to your Sporcle Settings to finish the process.

Report this User

Report this user for behavior that violates our Community Guidelines.

Details: